LIBRARY & INFORMATION CENTRE, KCAET, TAVANUR

ONLINE PUBLIC ACCESS CATALOGUE (OPAC)

Soil Conservation (Record no. 15695)

MARC details
000 -LEADER
fixed length control field 00382nam a2200157 4500
003 - CONTROL NUMBER IDENTIFIER
control field OSt
008 - FIXED-LENGTH DATA ELEMENTS--GENERAL INFORMATION
fixed length control field 190528b ||||| |||| 00| 0 eng d
020 ## - INTERNATIONAL STANDARD BOOK NUMBER
ISBN 9788176222013
082 ## - DEWEY DECIMAL CLASSIFICATION NUMBER
Classification number 631.45
Item number KOH/SO
100 ## - MAIN ENTRY--AUTHOR NAME
Personal name Kohnke,Helmut.
245 ## - TITLE STATEMENT
Title Soil Conservation
260 ## - PUBLICATION, DISTRIBUTION, ETC. (IMPRINT)
Place of publication Delhi
Name of publisher Biotech Books
Year of publication 2014
300 ## - PHYSICAL DESCRIPTION
Number of Pages 298 p.
700 ## - ADDED ENTRY--PERSONAL NAME
Personal name Bertrand, Anson R.
942 ## - ADDED ENTRY ELEMENTS (KOHA)
Koha item type Books
Holdings
Withdrawn status Lost status Damaged status Collection code Home library Current library Shelving location Date acquired Full call number Accession Number Koha item type
      Non-fiction KAUAET KAUAET General Stacks 28/05/2019 631.45 KOH/SO 25914 Books
free website counter